000
00323nam a22001337a 4500
082
_a
617.601,P12M
100
_a
MARYA,C.M
245
_a
A PRACTICAL MANUAL OF PUBLIC HEALTH DENTISTRY
250
_a
1ST
260
_a
DELHI
_b
JAYPEE BROTHERS
_c
2012
300
_a
248
650
_a
PUBLIC HEALTH DENTISTRY
942
_2
ddc
_c
BK
_0
74
999
_c
9542
_d
9542